| 000 | 00575nam a2200193Ia 4500 | ||
|---|---|---|---|
| 008 | 151121s9999||||xx |||||||||||||| ||und|| | ||
| 082 | _a811/हेगे | ||
| 082 | _bHNW-60897 | ||
| 100 | _aहेगे नागनाथ | ||
| 245 | _aशिवांगी | ||
| 260 | _b"चेतश्री प्रकाशन, अंमळनेर" | ||
| 260 | _c-- | ||
| 300 | _a64 | ||
| 600 | _aहेगे नागनाथ | ||
| 630 | _aशिवांगी | ||
| 700 | _aहेगे नागनाथ | ||
| 730 | _aशिवांगी | ||
| 942 | _cBOOK | ||
| 999 |
_c1242444 _d1242441 |
||